Personal Top 100 Animated Movies, Animes and Cartoons - Statistics

General Stats
  • This quiz has been taken 324 times
  • The average score is 48 of 100
Answer Stats
Picture Hint Answer % Correct
2016 Moana
95%
1940 Tom & Jerry
95%
2009 Up
94%
2001 Shrek
88%
2015 Inside Out
87%
1997-2023 Pokemon
87%
1999-... SpongeBob SquarePants
87%
1989-... The Simpsons
87%
1992,1994-1995 Aladdin
86%
2017 Coco
86%
2003 Finding Nemo
86%
2003-2006 Sonic X
86%
2004 The Incredibles
86%
1966 How the Grinch Stole Christmas
85%
2010-2020 My Little Pony: Friendship Is Magic
85%
1969-1978 Scooby-Doo, Where Are You?
85%
1991 The Beauty and the Beast
85%
1997, 1998-1999 Hercules
82%
2005 Madagascar
82%
2013-... Rick and Morty
82%
1997-... South Park
82%
1987-1996 Teenage Mutant Ninja Turtles
81%
2009 Coraline
79%
2001 Monsters, Inc.
78%
1992-1995 Batman
77%
1988-1995 Garfield and Friends
77%
2012 Hotel Transylvania
77%
2010-2018 Adventure Time
76%
2010 How to Train Your Dragon
76%
1960-1962 Popeye the Sailor
75%
1999-... Futurama
71%
1993 The Nightmare before Christmas
71%
1995-1997 The Mask
69%
2012-2016 Gravity Falls
68%
1992-1997 Sailor Moon
67%
1997-2001 Men in Black
65%
2015-... One Punch Man
65%
2006-2008 Death Note
61%
1991-2003 Rugrats
59%
1994-1998 Spider-Man
59%
1983-2023 Inspector Gadget
58%
1988 My Neighbor Totoro
57%
1949-... The Roadrunner and Coyote
57%
1987-1990 DuckTales
54%
1999 Iron Giant
54%
1998-2005 CatDog
53%
1992-1997 X-Men
51%
2000 Chicken Run
50%
1996-2004 Hey Arnold!
50%
2012-... JoJo's Bizarre Adventure
50%
1993-2011 Beavis & Butt-Head
49%
1989-1991 Beetlejuice
49%
2022-... Chainsaw Man
49%
1997-2010 King of the Hill
48%
2009-2010 Fullmetal Alchemist
46%
Chip 'n Dale: Rescue Rangers
45%
1998-1999, 2001 Cowboy Bebop
45%
1995-1996, 1997 Neon Genesis Evangelion
45%
2008 Ponyo
45%
1993-1998 Animaniacs
43%
2016 Your Name
43%
1989 Kiki's Delivery Service
40%
2001-2022 Robot Chicken
39%
1988 Akira
36%
1997-1998 Berserk
36%
1991-1992 Darkwing Duck
31%
1997-2002 Daria
29%
2001-2002 Hellsing
28%
1983 Barefoot Gen
27%
1992 Porco Rosso
25%
1994-1997 The Tick
24%
1995 Ghost in the Shell
23%
2006 Paprika
23%
2005 Final Fantasy VII: Advent Children
21%
1992-1993 Goof Troop
20%
1997 Perfect Blue
20%
1984-1988 Fist of the North Star
19%
2018-2023 Captain Tsubasa
18%
1998 Initial D
16%
1998 Serial Experimants Lain
15%
2001-2002 Shaman King
15%
2008-2009 Spice and Wolf
13%
2006-2009 The Melancholy of Haruhi Suzumiya
13%
2010-2016 Durarara!!
12%
1995-1996 Golden Boy
9%
1993 Battle Angel
7%
2006 Girl Who Leapt Through Time
7%
1994-1998 Life with Louie
7%
2013 WataMote
7%
2007 5 Centimeters per Second
6%
2007-2014 Superjail!
6%
1957-2002 The Little Mole
6%
2014 Monthy Girls' Nozaki-kun
5%
1969-1991 Well, Just You Wait!
5%
2001 Cat Soup
3%
1999-2001 The Kids from Room 402
3%
1969 Flying Phantom Ship
2%
2001-... Masyanya
2%
1980 Water Bubble
2%
1986-1990 Violence Jack
1%
No matching quizzes found
Score Distribution
Percent of People with Each Score
Percentile by Number Answered
Your Score History
You have not taken this quiz